Statystyki dla Quiz Polskie Albumy Rapowe 2021

Kliknij tutaj aby rozwiązać quiz!

Ogólne statystyki

  • Ten quiz został rozwiązany 301 razy
  • Średni wynik to 21 z 40

Statystyki odpowiedzi

HintOdpowiedź% Poprawnych
Diamentowy Lasiałas & White 2115
99%
Młody MatczakMata
99%
Rewolucja RomantycznaBedoes
96%
Janusz WalczukJanusz Walczuk
96%
Różowa PanteraSzpaku
96%
Murem za BonusemBiałas
95%
OIOOIO
95%
HulankiYoung Leosia
94%
Pułapka na motyleSobel
93%
Ziomalski mixtapeŻabson
92%
DZIARMADziarma
91%
Nauczyłem się przeklinaćChivas
87%
TOXICYoung Multi
83%
W samo południeReto
78%
PopularneTymek
70%
Antihype 2Sarius
67%
Dzieci w samochodachQry
63%
KumpelOlszakumpel
60%
ChaosFukaj
55%
SauceDeemz
51%
Fight ClubPRO8L3M
50%
Ghetto PlayboySmolasty
48%
Polska FlorydaSzczyl
45%
Czarno na białymGibbs
43%
PerypetieCatchUp
36%
PołączeniaOpał x Gibbs
29%
Moody TapesHodak x 2K
28%
All ExclusiveTrill Pem
27%
BONFIRE Alan
22%
FIVEWac Toja
19%
Przyjaciele Czekają W DomuPrzyłu
18%
W stronę słońcaMiszel
14%
Koktajl MixtapeWiatr
13%
To, co za mną chodziBe Vis
9%
NeopunkFeno
9%
Dwie TwarzeMatiskater
8%
LimboOliver Olson
5%
LunaparkVBS
5%
Zorze Tony Yoru
3%
ShowWavyzien
1%

Rozkład punktacji

Percentyl według liczby udzielonych odpowiedzi

Procent ludzi z każdym wynikiem

Twoja historia wyników

Nie rozwiązałeś tego quizu